Big machines / (Record no. 2023)

MARC details
000 -LEADER
fixed length control field 01087cam a22003374a 4500
001 - CONTROL NUMBER
control field 2023
003 - CONTROL NUMBER IDENTIFIER
control field FISKH
005 - DATE AND TIME OF LATEST TRANSACTION
control field 20231030150831.0
008 - FIXED-LENGTH DATA ELEMENTS--GENERAL INFORMATION
fixed length control field 020605s2003 nyua b 000 0 eng
010 ## - LIBRARY OF CONGRESS CONTROL NUMBER
LC control number 2002008780
020 ## - INTERNATIONAL STANDARD BOOK NUMBER
International Standard Book Number 0516228455
020 ## - INTERNATIONAL STANDARD BOOK NUMBER
International Standard Book Number 9780516278292
040 ## - CATALOGING SOURCE
Original cataloging agency DLC
Transcribing agency DLC
Modifying agency DLC
Language of cataloging eng
042 ## - AUTHENTICATION CODE
Authentication code pcc
-- lcac
050 00 - LIBRARY OF CONGRESS CALL NUMBER
Classification number TA725
Item number .J66 2003
082 00 - DEWEY DECIMAL CLASSIFICATION NUMBER
Classification number 629.225
Edition number 21
100 1# - MAIN ENTRY--PERSONAL NAME
Personal name Jones, Melanie Davis.
245 10 - TITLE STATEMENT
Title Big machines /
Statement of responsibility, etc. written by Melanie Davis Jones ; illustrated by Doreen Gay-Kassel.
260 ## - PUBLICATION, DISTRIBUTION, ETC.
Place of publication, distribution, etc. New York :
Name of publisher, distributor, etc. Scholastic,
Date of publication, distribution, etc. 2003.
300 ## - PHYSICAL DESCRIPTION
Extent 23 pages :
Other physical details color illustrations ;
Dimensions 18 cm
440 #2 - SERIES STATEMENT/ADDED ENTRY--TITLE
Title A rookie reader
505 ## - FORMATTED CONTENTS NOTE
Formatted contents note E<br/>
520 ## - SUMMARY, ETC.
Summary, etc. A simple introduction to big machines--tractors, backhoes, pavers, and cranes--and how they work.
521 8# - TARGET AUDIENCE NOTE
Target audience note 200<br/>
Source Lexile AD<br/><br/>
521 8# - TARGET AUDIENCE NOTE
Target audience note E<br/>
Source Raz-Plus<br/>
650 #0 - SUBJECT ADDED ENTRY--TOPICAL TERM
Topical term or geographic name entry element Earthmoving machinery
Form subdivision Juvenile literature.
650 #1 - SUBJECT ADDED ENTRY--TOPICAL TERM
Topical term or geographic name entry element Earthmoving machinery.
700 1# - ADDED ENTRY--PERSONAL NAME
Personal name Gay-Kassel, Doreen,
Relator term illustrator
906 ## - LOCAL DATA ELEMENT F, LDF (RLIN)
a 7
b cbc
c orignew
d 1
e ecip
f 20
g y-gencatlg
942 ## - ADDED ENTRY ELEMENTS (KOHA)
Source of classification or shelving scheme Dewey Decimal Classification
Koha item type Books
Suppress in OPAC No
Holdings
Withdrawn status Lost status Source of classification or shelving scheme Damaged status Not for loan Collection Home library Current library Shelving location Date acquired Total Checkouts Full call number Barcode Date last seen Date last checked out Copy number Price effective from Koha item type
    Dewey Decimal Classification     Non-Fiction Footprints International School Library Network Toul Kork Campus Footprints International School Library Network Toul Kork Campus TK Primary Library Room(4th Floor), Bookcase 7, Shelves 57-60, Dark Green Books 10/30/2023 3 JON 629.225 TA725.J66 FISBK02634 05/16/2024 01/02/2024 1 10/30/2023 Books
    Dewey Decimal Classification     Non-Fiction Footprints International School Library Network Toul Kork Campus Footprints International School Library Network Toul Kork Campus TK Primary Library Room(4th Floor), Bookcase 7, Shelves 57-60, Dark Green Books 10/30/2023   JON 629.225 TA725.J66 FISBK02696 10/30/2023   2 10/30/2023 Books